1114 1330 1356 1108 1467 1822 1136 1813 1181 1788 1979 1558 1443 1883 1042 1012 1644 1164 1675 1591 1101 1895 1876 1831 1308 1420 1159 1956 1378 1529 1182 1578 1885 1826 1013 1701 1829 1352 1303 1762 1802 1898 1159 1562 1692 1959 1632 1701 1278 1075 1943 1406 1372 1475 1941 1286 1418 1703 1037 1115 1355 1604 1610 1504 1831 1179 1355 1544 1343 1402 1255 1026 1873 1250 1994 1641 1439 1336 1550 1937 1420 1154 1701 1503 1718 1329 1594 1646 1085 1377 1262 1428 1262 1751 1605 1192 1804 1801 1045 BCNSPRNW ULIB Ver.6.0+V

เปลี่ยนเป็นภาษาไทย

Change to English
 แสดงรายละเอียดบรรณานุกรม
  กลับหน้าหลัก

Brief Record : Get Marc (ISO 2709) : E-mail record : QR code < ปิดหน้าต่าง
LEADER : 00000nam 2200000uu 4500
001    13399124392
003     ULIB
008    150604s2558||||th 000 0 tha d
099    วจ.BJ1533.H9^bว329ป
100 0  วริศา จันทรังสีวรกุล และจิราจัทร์ คณฑา
110 1  วิทยาลัยพยาบาลบรมราชชนนี สวรรค์ประชารักษ์ นครสวรรค์
245 00 ปัจจัยที่มีความสัมพันธ์กับจิตสาธารณะของนักศึกษาพยาบาล วิทยาลัยพยาบาลบรมราชชนนี สวรรค์ประชารักษ์ นครสวรรค์ ^cโดย วริศา จันทรังสีวรกุล และจิราจัทร์ คณฑา
260    นครสวรรค์:^bวิทยาลัยพยาบาลบรมราชชนนี สวรรค์ประชารักษ์ นครสวรรค์,^c2558
300    68 หน้า
650  0 จิตสาธารณะ^xวิจัย
650  0 จิตอาสา^xวิจัย
945    ^p0^l0^i039481
945    ^p0^l0^i000274
999    ^aเกษร โพธิ์สุวรรณ
รายการนี้ยังไม่มีแท็ก
คุณยังไม่ได้ล็อกอิน คุณสามารถมีกิจกรรมร่วมกับเว็บไซต์ได้ แต่ต้องล็อกอินก่อน ::
  ล็อกอิน

รายการสื่อสารสนเทศ

ลำดับที่ ประเภท เลขเรียก/บาร์โค้ด สถานที่ สถานะ
1. งานวิจัย
งานวิจัย
วจ.BJ1533.H9 ว329ป ฉ.1 
  Barcode: 039481
ห้องสมุดวิทยาเขตสวรรค์ประชารักษ์
►วิจัย
บนชั้น
2. งานวิจัย
งานวิจัย
วจ.BJ1533.H9 ว329ป ฉ.2 
  Barcode: 000274
ห้องสมุดวิทยาเขตสวรรค์ประชารักษ์
►วิจัย
บนชั้น

BibComment


ยังไม่เคยถูกคอมเมนท์

คอมเมนท์ทรัพยากรรายการนี้
  คอมเมนท์: ปัจจัยที่มีความสั..


 Copyright 2026. Bcnsprnw @Library